| 000 | 00715pam a2200253 a 4500 | ||
|---|---|---|---|
| 008 | |||
| 020 | _a9780865428737 (pbk.) | ||
| 049 | _aMAIN | ||
| 090 |
_aRC454 _bKAT |
||
| 100 | 1 | _aKatona, C. L. E. | |
| 245 | 1 | 0 |
_aPsychiatry at a glance / _cCornelius Katona and Mary Robertson. |
| 260 |
_aOsney Mead, Oxford : _bBlackwell Science, _c1995. |
||
| 300 |
_a80 p. : _bill. ; _c28 cm. |
||
| 500 | _aIncludes index. | ||
| 650 | 0 | _aPsychiatry. | |
| 650 | 1 | 2 | _aMental Disorders. |
| 650 | 2 | 2 | _aPsychiatry. |
| 700 | 1 | _aRobertson, Mary M. | |
| 907 |
_a.b10395507 _b12-12-18 _c12-12-18 |
||
| 003 | |||
| 005 | 20230120204242.0 | ||
| 040 | _cNUST | ||
| 942 |
_cBOOKS _kRC454 _mKAT |
||
| 999 |
_c119861 _d119861 |
||